| 000 | 00572nas a2200229 i 4500 | ||
|---|---|---|---|
| 001 | 2564 | ||
| 003 | ES-MaACL | ||
| 005 | 20250708221536.0 | ||
| 007 | t| | ||
| 008 | 950801d1900 sp | | 1 ||pa d | ||
| 080 | _a460 | ||
| 245 | 0 | 0 | _aAlmanaque-agenda de la vida rural espaƱola para ... |
| 260 |
_aValladolid : _bImp. Castellana, _c[19--] |
||
| 300 |
_a1 v. ; _c19 cm. |
||
| 310 | _aAnual | ||
| 362 | 0 | _a[19--]- | |
| 655 | 7 |
_a _2embne _9241245 |
|
| 852 |
_aES-MaACL _jF-7703 |
||
| 866 | 0 | _o1921. | |
| 942 |
_2udc _cPERIODICA |
||
| 999 |
_c2564 _d2564 |
||